000 00932cam a2200277 4500
008 #DATE n2004 000 0 eng u
020 _a0421829303
035 _a(Sirsi) u123302
041 _aeng
050 _a346.41043
_c18
100 _aMurphy, Tim
245 _aUnderstanding property law.
250 _a4th ed.
260 _aLondon
_bSweet and Maxwell
_c2004
300 _axi, 291p.
_c22cm.
350 _a12.95
490 _aSweet and Maxwell Understanding Law Series
520 _aProvides the background to an area of law that is notoriously inaccessible. This new edition has been extensively revised and updated. It includes such recent legislative developments as the Land Registration Act 2002.
520 _aSupersedes third edition (ISBN 0421634901)
650 _aLAND LAW
650 _aPROPERTY LAW
690 _aPROPERTY
700 _aRoberts, Simon
700 _aFlessas, Tatiana
942 _n0
999 _c103023
_d103023